[Event "Nassau CC-ch"]
[Site "Mineola"]
[Date "2008.12.08"]
[Round "8"]
[White "Tamarkin, Larry S"]
[Black "Lerman, Mark"]
[Result "1-0"]
[WhiteElo "2138"]
[BlackElo "1514"]
[PlyCount "51"]
[EventDate "2008.10.20"]
[EventType "swiss"]
[EventRounds "10"]
[EventCountry "USA"]
[SourceTitle "EXT 2010"]
[Source "ChessBase"]
[SourceDate "2010.11.25"]
[SourceVersion "1"]
[SourceVersionDate "2010.11.25"]
[SourceQuality "1"]

1. b3 e5 2. Bb2 Nc6 3. e3 d6 4. g3 Nf6 5. Bg2 Be7 6. c4 0-0 7. Nc3 Nb4 8. d3 c5 9. a3 Nc6 10. Nge2 Be6 11. Nd5 Qd7 12. h3 Rab8 13. d4 cxd4 14. exd4 exd4 15. Nxd4 Bxd5 16. cxd5 Nxd4 17. Qxd4 Qb5 18. Qc4 Qd7 19. 0-0 Rbc8 20. Qd4 Rc2 21. Rab1 Qf5 22. Rfe1 Bd8 23. Be4 Qxh3 24. Bxc2 Bb6 25. Qh4 Qxh4 26. gxh4 1-0

[Event "Nassau CC-ch"]
[Site "Mineola"]
[Date "2007.11.05"]
[Round "4"]
[White "Hellenschmidt, Andrew"]
[Black "Tamarkin, Larry S"]
[Result "0-1"]
[WhiteElo "2035"]
[BlackElo "2109"]
[PlyCount "80"]
[EventDate "2007.10.15"]
[EventType "swiss"]
[EventRounds "10"]
[EventCountry "USA"]
[SourceTitle "EXT 2009"]
[Source "ChessBase"]
[SourceDate "2008.11.26"]
[SourceVersion "1"]
[SourceVersionDate "2008.11.26"]
[SourceQuality "1"]

1. e4 d6 2. d4 Nf6 3. Nc3 g6 4. f4 Bg7 5. Nf3 0-0 6. a3 b6 7. Bd3 Bb7 8. 0-0 c5 9. d5 a6 10. Qe1 e6 11. dxe6 fxe6 12. Ng5 Qd7 13. f5 exf5 14. exf5 gxf5 15. Qh4 h6 16. Nf3 Ng4 17. h3 Bxf3 18. Rxf3 Ne5 19. Rg3 Kh7 20. Nd5 Ra7 21. Be2 Nbc6 22. Nxb6 Qe6 23. c3 d5 24. Na4 Ng6 25. Qh5 Nce7 26. Bd2 Qc6 27. Bd1 Rd7 28. Bc2 d4 29. Rf1 d3 30. Bd1 c4 31. Qf3 Qd6 32. Qf2 Nd5 33. Bh5 Ne5 34. Re1 f4 35. Rxg7+ Rxg7 36. Nc5 f3 37. g3 Rf5 38. Ne4 Qb8 39. Bg4 Rxg4 40. hxg4 Nxg4 0-1

[Event "Nassau CC-ch"]
[Site "Mineola"]
[Date "2007.10.15"]
[Round "1"]
[White "Tamarkin, Larry S"]
[Black "Kaplan, Ivan"]
[Result "1-0"]
[WhiteElo "2109"]
[BlackElo "1736"]
[PlyCount "53"]
[EventDate "2007.10.15"]
[EventType "swiss"]
[EventRounds "10"]
[EventCountry "USA"]
[SourceTitle "EXT 2009"]
[Source "ChessBase"]
[SourceDate "2008.11.26"]
[SourceVersion "1"]
[SourceVersionDate "2008.11.26"]
[SourceQuality "1"]

1. e4 c5 2. Nf3 d6 3. d4 cxd4 4. Nxd4 Nf6 5. Nc3 a6 6. Be3 Ng4 7. Bg5 Qa5 8. Qd2 h6 9. Bh4 g5 10. Bg3 Bg7 11. f3 Nf6 12. 0-0-0 Bd7 13. Kb1 Nc6 14. Nb3 Qc7 15. h4 g4 16. f4 Nh5 17. Bf2 g3 18. Nd5 Qb8 19. Bb6 0-0 20. Nc7 Nf6 21. Bd3 Bg4 22. Rde1 Nd7 23. Nxa8 Qxa8 24. Be3 b5 25. f5 Nce5 26. Bxh6 Nxd3 27. Qg5 1-0

[Event "Nassau CC-ch"]
[Site "Mineola"]
[Date "2006.12.04"]
[Round "8"]
[White "Billinghurst, Ricardo Perez"]
[Black "Tamarkin, Larry S"]
[Result "1/2-1/2"]
[WhiteElo "2084"]
[BlackElo "2078"]
[PlyCount "138"]
[EventDate "2006.10.16"]
[EventType "swiss"]
[EventRounds "10"]
[EventCountry "USA"]
[SourceTitle "EXT 2008"]
[Source "ChessBase"]
[SourceDate "2007.11.25"]
[SourceVersion "1"]
[SourceVersionDate "2007.11.25"]
[SourceQuality "1"]

1. e4 c5 2. Nf3 e6 3. d4 cxd4 4. c3 dxc3 5. Nxc3 d6 6. Bc4 Nc6 7. 0-0 Nf6 8. Qe2 Be7 9. Rd1 e5 10. h3 0-0 11. Bg5 Be6 12. Bb5 Qb8 13. Nd5 Bxd5 14. exd5 Nb4 15. Bxf6 Bxf6 16. a3 Na6 17. Bxa6 bxa6 18. Qxa6 Rd8 19. Rab1 Qb3 20. Qa5 Rdc8 21. Nd2 Qc2 22. Nf1 Qg6 23. Nd2 Qd3 24. Nf1 Qg6 25. Rbc1 Rcb8 26. b4 Bd8 27. Qa4 Bb6 28. Rc6 f5 29. Rdc1 f4 30. R1c3 e4 31. Qc2 Re8 32. Kh1 Qh5 33. Rc8 Qxd5 34. Rxa8 Qxa8 35. Qd2 e3 36. fxe3 f3 37. gxf3 Qxf3+ 38. Qg2 Qf6 39. Rd3 Rf8 40. Rd1 h6 41. Re1 Qf2 42. Qxf2 Rxf2 43. Rd1 Kf7 44. Kg1 Ra2 45. Rd3 Ke6 46. Ng3 d5 47. h4 g6 48. h5 g5 49. Kf1 Bc7 50. e4 Bxg3 51. exd5+ Kd6 52. Rxg3 Kxd5 53. Re3 a6 54. Rc3 Rh2 55. Rc5+ Kd4 56. Rc6 Rxh5 57. Rxa6 Rh3 58. Kg2 g4 59. b5 Kc5 60. b6 Kc6 61. Ra4 h5 62. Rb4 Kb7 63. a4 Ra3 64. Rb5 h4 65. Rb4 Ra2+ 66. Kg1 Ra1+ 67. Kg2 Ra2+ 68. Kg1 Ra1+ 69. Kg2 Ra2+ 1/2-1/2

[Event "Queens-ch"]
[Site "Jamaica"]
[Date "2006.11.03"]
[Round "5"]
[White "Tamarkin, Larry S"]
[Black "Lorenzo, Antonio"]
[Result "1-0"]
[WhiteElo "2078"]
[BlackElo "1805"]
[PlyCount "57"]
[EventDate "2006.02.26"]
[EventType "swiss"]
[EventRounds "7"]
[EventCountry "USA"]
[SourceTitle "EXT 2008"]
[Source "ChessBase"]
[SourceDate "2007.11.25"]
[SourceVersion "1"]
[SourceVersionDate "2007.11.25"]
[SourceQuality "1"]

1. Nc3 c5 2. e4 e6 3. g3 Nc6 4. Bg2 Nf6 5. Nge2 a6 6. 0-0 Be7 7. d4 cxd4 8. Nxd4 Qc7 9. Bf4 e5 10. Nxc6 dxc6 11. Bd2 Bg4 12. f3 Bc5+ 13. Kh1 Be6 14. Qe2 b5 15. b3 Bd4 16. Rad1 Rd8 17. Nb1 0-0 18. c3 Bc5 19. Bg5 h6 20. Bc1 Qe7 21. Rfe1 Rxd1 22. Rxd1 Rd8 23. Rxd8+ Qxd8 24. Nd2 Qb6 25. Nf1 a5 26. g4 a4 27. b4 Bc4 28. bxc5 Qxc5 29. Qd2 1-0

[Event "New York Marshall CC-ch 89th"]
[Site "New York"]
[Date "2005.12.11"]
[Round "4"]
[White "Pader, Douglas"]
[Black "Tamarkin, Larry S"]
[Result "0-1"]
[WhiteElo "2230"]
[BlackElo "2186"]
[PlyCount "142"]
[EventDate "2005.12.09"]
[EventType "swiss"]
[EventRounds "9"]
[EventCountry "USA"]
[SourceTitle "CBM 109 Extra"]
[Source "ChessBase"]
[SourceDate "2006.01.03"]
[SourceVersion "2"]
[SourceVersionDate "2006.01.03"]
[SourceQuality "1"]

1. e4 c5 2. Nf3 g6 3. c3 Nf6 4. e5 Nd5 5. d4 cxd4 6. Qxd4 Nb6 7. h4 Nc6 8. Qe4 d5 9. exd6 Qxd6 10. Bf4 Qd5 11. Nbd2 Bf5 12. Qxd5 Nxd5 13. Bg3 Bg7 14. Bb5 0-0 15. Nb3 Nd8 16. Nfd4 Bc8 17. Rd1 a6 18. Be2 b6 19. Bf3 Bb7 20. Ne2 e6 21. 0-0 Rc8 22. Rfe1 Re8 23. Nec1 Nc6 24. Bxd5 exd5 25. Rxe8+ Rxe8 26. Bc7 Ne5 27. Nd2 Bh6 28. Bxe5 Rxe5 29. Nf3 Re7 30. Nd4 Bf4 31. Nd3 Bc7 32. Re1 Rxe1+ 33. Nxe1 Kf8 34. g3 Ke7 35. Kf1 f6 36. Nef3 Kd6 37. Ke2 Bc8 38. Ke3 Bd7 39. Kd3 Be8 40. Ke3 Bd7 41. Kf4 Ke7+ 42. Ke3 Kd6 43. Ne1 Bd8 44. f4 Be7 45. Kf3 h5 46. f5 g5 47. g4 hxg4+ 48. Kxg4 gxh4 49. Nd3 Bf8 50. Kxh4 Bh6 51. Kh5 Bg5 52. Kg6 Be8+ 53. Kg7 Bd7 54. Kf7 a5 55. Ne6 Bc8 56. Ne1 Ke5 57. Nxg5 fxg5 58. f6 Be6+ 59. Kg7 g4 60. Ng2 d4 61. cxd4+ Kxd4 62. Nf4 Bxa2 63. Kg6 Ke3 64. Kf5 g3 65. Kg4 Kf2 66. Nh3+ Kg2 67. Nf4+ Kh2 68. Kf3 Bf7 69. Ne2 Bh5+ 70. Ke3 g2 71. Kf2 Bxe2 0-1

[Event "New York State-ch 127th"]
[Site "Monticello"]
[Date "2005.09.04"]
[Round "4"]
[White "Kwartler, Lonnie"]
[Black "Tamarkin, Larry S"]
[Result "0-1"]
[WhiteElo "2257"]
[BlackElo "2186"]
[PlyCount "96"]
[EventDate "2005.09.03"]
[EventType "swiss"]
[EventRounds "6"]
[EventCountry "USA"]
[SourceTitle "CBM 108 Extra"]
[Source "ChessBase"]
[SourceDate "2005.11.04"]
[SourceVersion "1"]
[SourceVersionDate "2005.11.04"]
[SourceQuality "1"]

1. Nf3 Nf6 2. g3 g6 3. Bg2 Bg7 4. 0-0 d6 5. c4 0-0 6. Nc3 c5 7. d4 cxd4 8. Nxd4 Nc6 9. Nxc6 bxc6 10. Bxc6 Rb8 11. Bg2 Be6 12. b3 Qa5 13. Bd2 Qh5 14. Rc1 Ng4 15. h3 Ne5 16. Nd5 g5 17. e3 Qh6 18. Nxe7+ Kh8 19. g4 Qh4 20. Bc3 h5 21. f3 hxg4 22. fxg4 Rbe8 23. Nf5 Bxf5 24. Rxf5 Re6 25. Qf1 Rfe8 26. Bd4 Kg8 27. Rd1 Qh6 28. Rd2 Ng6 29. Bd5 Bxd4 30. Rxd4 Ne5 31. Bxe6 Rxe6 32. Rd2 Qh4 33. Kg2 Rh6 34. Kg1 Qg3+ 35. Qg2 Qxe3+ 36. Qf2 Qxh3 37. Qg2 Qe3+ 38. Qf2 Qe4 39. Qg2 Qe1+ 40. Rf1 Qe3+ 41. Rff2 Rh3 42. Rde2 Qc3 43. Kf1 Rd3 44. Qa8+ Kg7 45. Qxa7 Nf3 46. Rxf3 Rxf3+ 47. Kg2 Rg3+ 48. Kf2 Rh3 0-1

[Event "New York Masters 40th"]
[Site "New York"]
[Date "2003.01.21"]
[Round "4"]
[White "Tamarkin, Larry S"]
[Black "Bartell, Thomas"]
[Result "1-0"]
[WhiteElo "2192"]
[BlackElo "2252"]
[PlyCount "51"]
[EventDate "2003.01.21"]
[EventType "swiss (rapid)"]
[EventRounds "4"]
[EventCountry "USA"]
[SourceTitle "EXT 2004"]
[Source "ChessBase"]
[SourceDate "2003.11.25"]
[SourceVersion "1"]
[SourceVersionDate "2003.11.25"]
[SourceQuality "1"]

1. d4 Nf6 2. Bg5 Ne4 3. Bf4 d5 4. f3 Nf6 5. Nc3 c5 6. e4 dxe4 7. d5 a6 8. fxe4 e6 9. a4 exd5 10. exd5 Bd6 11. Bxd6 Qxd6 12. Nf3 0-0 13. Be2 Bg4 14. 0-0 Nbd7 15. Qd2 Rfe8 16. Rad1 Nf8 17. Kh1 Rad8 18. Rf2 Ng6 19. Ng1 Re5 20. h3 Nh5 21. Bxg4 Ng3+ 22. Kh2 Rxd5 23. Nf3 Nf1+ 24. Kg1 Nxd2 25. Nxd5 Qxd5 26. Rfxd2 1-0

[Event "Nassau CC-ch"]
[Site "Mineola"]
[Date "2002.12.16"]
[Round "9"]
[White "Tamarkin, Larry S"]
[Black "Mirabile, Tim"]
[Result "1/2-1/2"]
[WhiteElo "2026"]
[BlackElo "2204"]
[PlyCount "99"]
[EventDate "2002.12.10"]
[EventType "swiss"]
[EventRounds "9"]
[EventCountry "USA"]
[SourceTitle "EXT 2004"]
[Source "ChessBase"]
[SourceDate "2003.11.25"]
[SourceVersion "1"]
[SourceVersionDate "2003.11.25"]
[SourceQuality "1"]

1. d4 Nf6 2. Bg5 c5 3. Bxf6 gxf6 4. d5 Qb6 5. Qc1 Bg7 6. Nf3 f5 7. c3 e6 8. dxe6 fxe6 9. Na3 d5 10. Rb1 Nc6 11. Qg5 0-0 12. h4 Qd8 13. e3 Bd7 14. h5 Qxg5 15. Nxg5 h6 16. Nh3 e5 17. f4 e4 18. Rd1 Be6 19. Nc2 Rfd8 20. Bb5 Rac8 21. Nf2 a6 22. Be2 d4 23. exd4 cxd4 24. cxd4 Nxd4 25. Nxd4 Rxd4 26. b3 Rc2 27. g4 Rxd1+ 28. Bxd1 Rxa2 29. gxf5 Bxf5 30. Rg1 Kf8 31. Rg3 Bd4 32. Ng4 Bd7 33. Be2 Bg7 34. Ne5 Be6 35. Rc3 Rb2 36. Bd1 Bf6 37. Ng6+ Kg8 38. Rc7 Bxb3 39. Rc8+ Kg7 40. Rc7+ Bf7 41. Bg4 Rb6 42. Be2 Rb1+ 43. Kd2 Rb2+ 44. Ke1 Bd8 45. Rd7 Ba5+ 46. Kf1 Kg8 47. Ne7+ Kf8 48. Ng6+ Kg8 49. Ne7+ Kf8 50. Ng6+ 1/2-1/2

[Event "Nassau CC-ch"]
[Site "Mineola"]
[Date "2002.11.25"]
[Round "6"]
[White "Tamarkin, Larry S"]
[Black "Bonin, Jay R"]
[Result "0-1"]
[WhiteElo "2026"]
[BlackElo "2413"]
[PlyCount "92"]
[EventDate "2002.12.10"]
[EventType "swiss"]
[EventRounds "9"]
[EventCountry "USA"]
[SourceTitle "EXT 2004"]
[Source "ChessBase"]
[SourceDate "2003.11.25"]
[SourceVersion "1"]
[SourceVersionDate "2003.11.25"]
[SourceQuality "1"]

1. Nc3 d5 2. e4 e6 3. g3 dxe4 4. Nxe4 Bd7 5. d4 Bc6 6. f3 Nf6 7. Bg2 Nbd7 8. Nh3 Be7 9. 0-0 0-0 10. b3 e5 11. dxe5 Nxe4 12. fxe4 Bc5+ 13. Kh1 Nxe5 14. Qe2 Qd4 15. Rb1 Rae8 16. Rd1 Qc3 17. b4 Bd6 18. b5 Bd7 19. Nf2 Be6 20. Bb2 Qc4 21. Qxc4 Nxc4 22. Bd4 Rd8 23. c3 b6 24. Nd3 Na3 25. Rb2 Bc4 26. e5 Bc5 27. Bxc5 bxc5 28. Rbd2 Nb1 29. Rxb1 Rxd3 30. Rxd3 Bxd3 31. Rd1 c4 32. Bc6 Rd8 33. Re1 Bf5 34. Bf3 Kf8 35. g4 Be6 36. Kg2 Rd3 37. Rd1 Rxc3 38. Rd8+ Ke7 39. Rh8 Ra3 40. Rxh7 c3 41. Be4 Bd5 42. Bxd5 c2 43. Rxg7 c1Q 44. Rxf7+ Ke8 45. Rf2 Rd3 46. Bf7+ Ke7 0-1

[Event "Nassau CC-ch"]
[Site "Mineola"]
[Date "2002.10.28"]
[Round "2"]
[White "Tamarkin, Larry S"]
[Black "Chipkin, Leonard B"]
[Result "1/2-1/2"]
[WhiteElo "2026"]
[BlackElo "2023"]
[PlyCount "87"]
[EventDate "2002.12.10"]
[EventType "swiss"]
[EventRounds "9"]
[EventCountry "USA"]
[SourceTitle "EXT 2004"]
[Source "ChessBase"]
[SourceDate "2003.11.25"]
[SourceVersion "1"]
[SourceVersionDate "2003.11.25"]
[SourceQuality "1"]

1. e4 e6 2. d3 d5 3. Nd2 Nf6 4. Ngf3 Nc6 5. e5 Nd7 6. d4 f6 7. Bb5 a6 8. Bxc6 bxc6 9. 0-0 Be7 10. Re1 fxe5 11. dxe5 c5 12. c4 0-0 13. cxd5 exd5 14. Nb3 Nb6 15. e6 Rf6 16. Qc2 Bxe6 17. Bg5 Bf5 18. Qc1 Re6 19. Rxe6 Bxe6 20. Qe3 Bxg5 21. Qxe6+ Kf8 22. Qf5+ Bf6 23. Qxh7 c4 24. Nbd4 Bxd4 25. Nxd4 Qf6 26. Nf5 Re8 27. g4 d4 28. h4 Re4 29. f3 Re2 30. Rf1 Nd5 31. g5 Qe5 32. f4 Nxf4 33. Rxf4 Qxf4 34. Qxg7+ Ke8 35. Qg8+ Kd7 36. Qf7+ Kd8 37. Qf8+ Kd7 38. Qf7+ Kd8 39. Qf8+ Re8 40. Qf6+ Kd7 41. Qf7+ Kd8 42. Qd5+ Kc8 43. Qa8+ Kd7 44. Qd5+ 1/2-1/2

[Event "Nassau CC-ch"]
[Site "Nassau"]
[Date "2001.11.26"]
[Round "7"]
[White "Tamarkin, Larry S"]
[Black "Felber, Joseph J"]
[Result "1-0"]
[WhiteElo "2054"]
[BlackElo "2040"]
[PlyCount "91"]
[EventDate "2001.??.??"]
[EventType "swiss"]
[EventRounds "10"]
[EventCountry "USA"]
[SourceTitle "EXT 2003"]
[Source "ChessBase"]
[SourceDate "2002.11.25"]
[SourceVersion "1"]
[SourceVersionDate "2002.11.25"]
[SourceQuality "1"]

1. Nc3 c6 2. e4 d5 3. Qf3 dxe4 4. Nxe4 Nd7 5. h3 Ngf6 6. Nxf6+ Nxf6 7. Bc4 g6 8. Ne2 Bg7 9. d4 0-0 10. 0-0 Bf5 11. Bb3 Be4 12. Qg3 a5 13. a4 Nd5 14. Qh4 Bf5 15. g4 Be6 16. c4 Nb6 17. d5 cxd5 18. Rd1 Rc8 19. cxd5 Bd7 20. Bg5 f6 21. Bd2 Nc4 22. Bc3 Qb6 23. Ba2 Nd6 24. Bb1 Rc4 25. Bc2 Rfc8 26. Nd4 R4c7 27. Nb3 Nc4 28. Re1 Qd6 29. Be4 b6 30. Nd4 Qf4 31. Bc2 Ne5 32. Re3 Rc4 33. Be4 R8c7 34. d6 exd6 35. Bd5+ Kh8 36. Bxc4 Rxc4 37. Rd1 Rxd4 38. Rxd4 Nf3+ 39. Rxf3 Qxf3 40. Rxd6 Be8 41. Rd8 Qc6 42. Qg3 Kg8 43. Qb8 Kf7 44. g5 Bd7 45. gxf6 Bh6 46. Rh8 1-0

[Event "Nassau CC-ch"]
[Site "Nassau"]
[Date "2001.10.15"]
[Round "1"]
[White "Jarva, Eugene Edward"]
[Black "Tamarkin, Larry S"]
[Result "0-1"]
[WhiteElo "1788"]
[BlackElo "2054"]
[PlyCount "54"]
[EventDate "2001.??.??"]
[EventType "swiss"]
[EventRounds "10"]
[EventCountry "USA"]
[SourceTitle "EXT 2003"]
[Source "ChessBase"]
[SourceDate "2002.11.25"]
[SourceVersion "1"]
[SourceVersionDate "2002.11.25"]
[SourceQuality "1"]

1. Nf3 e6 2. g3 b6 3. Bg2 Bb7 4. 0-0 Nf6 5. d3 d5 6. Nbd2 c5 7. e4 Be7 8. e5 Nfd7 9. c3 Qc7 10. Re1 Nc6 11. Qe2 g5 12. Nf1 g4 13. Ng5 h6 14. Nxf7 Kxf7 15. Qxg4 h5 16. Qf4+ Ke8 17. d4 Nf8 18. g4 hxg4 19. Qxg4 Kd7 20. Bh3 Rh4 21. Qg2 Rd8 22. Ng3 Kc8 23. f4 cxd4 24. cxd4 Rxh3 25. Qxh3 Nxd4 26. Re3 Nc2 27. Rc3 Bc5+ 0-1

[Event "New York State-ch 122nd"]
[Site "Saratoga Springs"]
[Date "2000.09.03"]
[Round "4"]
[White "Schwartz, Ylon"]
[Black "Tamarkin, Larry S"]
[Result "1/2-1/2"]
[WhiteElo "2291"]
[BlackElo "2142"]
[PlyCount "109"]
[EventDate "2000.09.01"]
[EventType "swiss"]
[EventRounds "6"]
[EventCountry "USA"]
[SourceTitle "EXT 2001"]
[Source "ChessBase"]
[SourceDate "2000.11.22"]
[SourceVersion "1"]
[SourceVersionDate "2000.11.22"]
[SourceQuality "1"]

1. Nf3 d6 2. e4 e5 3. d4 exd4 4. Qxd4 Nc6 5. Bb5 Nge7 6. Qe3 Ng6 7. Nc3 Be7 8. Bd2 0-0 9. 0-0-0 a6 10. Bc4 Nce5 11. Nxe5 dxe5 12. h4 Qd4 13. Qxd4 exd4 14. Nd5 Bd6 15. f4 Bg4 16. Rde1 b5 17. Bd3 c6 18. h5 cxd5 19. hxg6 fxg6 20. e5 Bc5 21. Rh4 Bf5 22. Bxf5 gxf5 23. Reh1 h6 24. R4h3 Ra7 25. Rd3 Rc8 26. Re1 b4 27. Re2 Rac7 28. Be1 a5 29. Bf2 Kf7 30. Bxd4 Ke6 31. Bxc5 Rxc5 32. Rg3 g5 33. Rh3 gxf4 34. Rxh6+ Ke7 35. Rh7+ Ke6 36. Rh6+ Ke7 37. e6 Rc4 38. Rh7+ Kf6 39. Rf7+ Kg6 40. Rd7 Re4 41. Rd2 Re1+ 42. Rd1 Re2 43. Rd2 Re1+ 44. Rd1 Rxd1+ 45. Kxd1 Rc5 46. e7 Kf7 47. Kd2 Ke8 48. Ra7 Rc4 49. Kd3 Rc5 50. Rb7 Kf7 51. c3 bxc3 52. bxc3 Rc4 53. Rb5 Ra4 54. Rxd5 Kxe7 55. Rxf5 1/2-1/2

[Event "CCA ChessWise op"]
[Site "Stratton Mountain"]
[Date "1999.06.12"]
[Round "2"]
[White "Shapiro, Daniel E"]
[Black "Tamarkin, Larry S"]
[Result "1-0"]
[WhiteElo "2278"]
[BlackElo "2150"]
[PlyCount "65"]
[EventDate "1999.06.??"]
[EventType "swiss"]
[EventRounds "9"]
[EventCountry "USA"]
[SourceTitle "EXT 2000"]
[Source "ChessBase"]
[SourceDate "1999.11.16"]
[SourceVersion "1"]
[SourceVersionDate "1999.11.16"]
[SourceQuality "1"]

1. d4 Nf6 2. c4 c5 3. d5 e6 4. Nc3 exd5 5. cxd5 d6 6. Nf3 g6 7. Nd2 a6 8. a4 Bg7 9. Nc4 0-0 10. g3 Qc7 11. Bf4 Rd8 12. Qb3 Bf5 13. Bg2 Ra7 14. e4 Bg4 15. h3 Bc8 16. Nxd6 Rxd6 17. e5 Qb6 18. Qxb6 Rxb6 19. exf6 Bxf6 20. Bxb8 Ra8 21. Bc7 Rxb2 22. Ne4 Bd4 23. 0-0 f5 24. Ng5 Bd7 25. d6 Re8 26. Bd5+ Kg7 27. Nf3 Bf6 28. a5 Ree2 29. Rae1 Bb5 30. Rxe2 Bxe2 31. Rc1 g5 32. Bc4 Bxc4 33. Rxc4 1-0

[Event "Nassau CC-ch"]
[Site "Mineola"]
[Date "1994.??.??"]
[Round "?"]
[White "Luchan, Jason"]
[Black "Tamarkin, Larry S"]
[Result "1-0"]
[WhiteElo "2155"]
[BlackElo "2160"]
[PlyCount "89"]
[EventDate "1994.10.17"]
[EventType "swiss"]
[EventRounds "10"]
[EventCountry "USA"]
[SourceTitle "EXT 2002"]
[Source "ChessBase"]
[SourceDate "2001.11.25"]
[SourceVersion "1"]
[SourceVersionDate "2001.11.25"]
[SourceQuality "1"]

1. e4 c5 2. Nf3 e6 3. d3 d6 4. g3 Nc6 5. Bg2 Nf6 6. 0-0 Be7 7. Nbd2 0-0 8. a4 Rb8 9. Re1 Qc7 10. Nc4 e5 11. h3 Be6 12. Ng5 Rbd8 13. f4 exf4 14. Nxe6 fxe6 15. Bxf4 e5 16. Bd2 Rf7 17. Ne3 g6 18. c3 Bf8 19. Rf1 Bg7 20. Qb3 Na5 21. Qa2 Rdf8 22. Rf2 Nh5 23. Kh2 Kh8 24. Rxf7 Rxf7 25. Rf1 Rxf1 26. Bxf1 Qe7 27. Ng4 Nc6 28. Be2 Nd8 29. Kg2 Nf7 30. Be3 h6 31. Qd5 Kh7 32. Bd1 Nd8 33. Bb3 Qf8 34. Bc4 Nf6 35. Nxf6+ Bxf6 36. b4 b6 37. a5 h5 38. axb6 axb6 39. Qa8 Qe7 40. Qb8 Bg5 41. Bf2 cxb4 42. cxb4 d5 43. Bxd5 Qxb4 44. Qxe5 Qd2 45. h4 1-0

[Event "Nassau CC-ch"]
[Site "Mineola"]
[Date "1994.??.??"]
[Round "?"]
[White "Tamarkin, Larry S"]
[Black "Casella, Michael"]
[Result "0-1"]
[WhiteElo "2160"]
[BlackElo "2265"]
[PlyCount "48"]
[EventDate "1994.10.17"]
[EventType "swiss"]
[EventRounds "10"]
[EventCountry "USA"]
[SourceTitle "EXT 2002"]
[Source "ChessBase"]
[SourceDate "2001.11.25"]
[SourceVersion "1"]
[SourceVersionDate "2001.11.25"]
[SourceQuality "1"]

1. d4 Nf6 2. c4 g6 3. Nc3 Bg7 4. e4 d6 5. f4 0-0 6. Be2 Na6 7. Nf3 e5 8. fxe5 dxe5 9. Nxe5 c5 10. Nf3 cxd4 11. Nxd4 Nxe4 12. Nd5 Qa5+ 13. Kf1 Be6 14. Nb3 Qd8 15. Bf3 Nd6 16. c5 Nf5 17. Bf4 Nh4 18. Bd6 Nxf3 19. Ne7+ Kh8 20. Qxf3 Qd7 21. h3 Rfe8 22. Nd5 Nxc5 23. Nxc5 Qxd6 24. Nxe6 fxe6 0-1